RWBY- All Team RWBY Shipping Names - Statistics

General Stats
  • This quiz has been taken 144 times
  • The average score is 12 of 76
Answer Stats
Hint Answer % Correct
Weiss Schnee White Rose/Combat Skirts
89%
White Rose/Combat Skirts
89%
Blake Belladonna Ladybug
81%
Ladybug
81%
Bumblebee/BumblBY/Burning Shadows
76%
Bumblebee/BumblBY/Burning Shadows
76%
Monochrome/Checkmate
63%
Monochrome/Checkmate
63%
Freezerburn
57%
Freezerburn
57%
Yang Xiao Long Enabler
49%
Enabler
49%
Nora Valkyrie Sugar Rush
33%
Eclipse/Dusk/Black Dawn/Black Sun
30%
Jaune Arc Craterface
21%
Tauradonna
20%
Snow Angel
16%
Sunflower/How to Train Your Dragon
15%
Vomit Boy
15%
Star Students
13%
Pyrrha Nikos Victory Rose
13%
Ruby Rose Bouquet
11%
Library
11%
Explosion
9%
Cinder Fall Falling Petals
9%
Awkward Kitty
8%
Black Licorice
8%
Bombshell Babes
8%
Penny Polendina Nuts N' Dolts
8%
Frostbite
5%
Frozen Lotus
5%
Shrouded Victory
5%
Cardin Winchester Crimson Wings
4%
Nordic Winter
4%
Shadows
4%
BartholoMEW
3%
Lie Ren Crimson Dragon
3%
Double Barrel
3%
Familiar
3%
Magic Trick
3%
Snow Bunny
3%
Stubborn
3%
Sunburn
3%
Superior
3%
The Hunt
3%
The Hunt
3%
WINK/Moustache Ride
3%
Aristocats
2%
Blonde Babes
2%
Burnt Coffee
2%
Dr. Oobleck Caffeine
2%
Roman Torchwick Clockwork Rose
2%
Sun Wukong Dawn/Guns N' Roses
2%
Dust Fights
2%
Elegance
2%
Fade To White
2%
Fireworks
2%
#FreeEdgar
2%
Frosted Mirror
2%
Here Kitty Kitty
2%
Icebox
2%
Iced Coffee
2%
Inferno
2%
Jocks
2%
Ozpin Kansas
2%
Overkill
2%
Powertrip
2%
Rapscallion
2%
Glynda Goodwitch Ruby Slippers
2%
Scarlet Fever
2%
Velvet Scarlatina Scarlet Rabbit
2%
Schrodinger's Cat
2%
Shadowblades
2%
Songbird/Prep Team
2%
Adam Taurus Thorns
2%
Professor Port Woodsman
2%
No matching quizzes found
Score Distribution
Percent of People with Each Score
Percentile by Number Answered
Your Score History
You have not taken this quiz